| 000 | 00822nam a2200217 a 4500 | ||
|---|---|---|---|
| 001 | BRCA_2910 | ||
| 005 | 20190320204026.0 | ||
| 008 | 121208s1918----mx-a---###---#000-0#spa-# | ||
| 050 | 4 |
_aF1219 _b.B49 1918 |
|
| 100 | 1 |
_aBayer, Hermann _98096 |
|
| 245 | 1 | 0 |
_aApuntes cerca de un nuevo manual de arqueología mexicana _cHermann Beyer. |
| 260 |
_aMéxico _bServicio de Informaciones Alemanas en México _c1918 |
||
| 300 |
_a46 p. _bil. _c23 cm. |
||
| 440 | 0 |
_aDisertaciones cientificas de autores alemanes en México _n2-3 _98097 |
|
| 500 | _aContenido : Pte. 1 Critica cientifica.- Pte. 2 La piedra de sacrificios (Techcatl)del Museo Nacional de Arqueología, Historia y Etnología de México | ||
| 500 | _aB40 | ||
| 650 | 1 | 4 |
_aArqueología _98098 |
| 651 | 4 |
_aMéxico _xAntiguedades _92765 |
|
| 902 | _aGFM | ||
| 942 |
_2lcc _cB |
||
| 999 |
_c2649 _d2649 |
||